000 02070nam a22003975i 4500
001 BRCA_9180
003 FranzMayer
005 20220809125143.0
008 220224t20212021mx 000 0 spa
020 _a9786073045834
_q(colección)
020 _a9786073046794
_q(volumen 11)
040 _aDLC
_bspa
_cDLC
_erda
041 _aspa
043 _an-mx---
050 4 _aND1460.53
_b.A78 2021 v.11
100 1 _aArroyo Lemus, Elsa Minerva,
_eautor.
_928390
245 1 0 _a1521 en el arte barroco /
_cElsa Arroyo Lemus.
250 _aPrimera edición.
264 1 _aCiudad de México :
_bUniversidad Nacional Autónoma de México, Instituto de Investigaciones Históricas,
_c2021.
264 4 _c©2021
300 _a115 p. :
_bil. ;
_c12.5 x 19 cm.
336 _atext
_btxt
_2rdacontent
337 _aunmediated
_bn
_2rdamedia
338 _avolume
_bnc
_2rdacarrier
490 0 _aColección México 500 ;
_v11
500 _aUbicación: L60-N1
500 _aIncluye ilustraciones de la Colección Franz Mayer (p. 35, 50)
504 _aBibliografía: 112-115 p.
520 _aEste libro examina las estrategias de representación de las imágenes sobre la conquista de México y sus protagonistas creadas en el imaginario de la pintura novohispana (finales del siglo XVII). Pone énfasis en el papel significativo de los discursos visuales dirigidos a convencer a propios y extraños de que la Nueva España se había fundado sobre un antiguo imperio de grandes riquezas ganado gracias a la sagacidad de los ejércitos españoles comandados por Hernán Cortés, convirtiéndose inmediatamente en uno de los territorios cristianos más leales y fructíferos de la Corona española, ejemplo de buen gobierno y del éxito de sus instituciones en el ejercicio del poder. - Proporcionado por el editor
650 0 _aArte barroco
_928392
650 0 _aHistoria en el arte
_928393
651 0 _aMéxico
_xHistoria
_yConquista, 1519-1540
_xObras ilustradas
_928394
651 0 _aMéxico
_xEn el arte
_95715
942 _2lcc
_cB
999 _c10799
_d10799